000 00301 a2200109 4500
001 ART_12677
005 20260410161908.0
008 260409a
245 1 0 _aMonetarims
100 1 _aLaidler, David E.W.
773 0 _tThe Economic Journal
_g- Vol. 91, NÂș 361 (mar. 1981)
_wREV12512
999 _c26570
_d26570